|
|
|
|
| LEADER |
00000nab a2200000 a 4500 |
| 001 |
vtls000818329 |
| 003 |
SK-MaSNL |
| 005 |
20260304132340.0 |
| 008 |
250429c2002 xo 0 slo |
| 015 |
|
|
|a SNBRB2002/12-41743
|
| 035 |
|
|
|a CLN000169984
|
| 035 |
|
|
|a urn:nbn:sk:snk-abag7k
|
| 035 |
|
|
|a (urnnbn)urn:nbn:sk:snk:ar-007vdk
|
| 035 |
|
|
|a (uuid)f5a16acd-5764-419a-98d6-e045460a454d
|
| 040 |
|
|
|a SNKBUCL
|b slo
|c SNKBUCL
|e AACR2
|
| 041 |
0 |
|
|a slo
|
| 044 |
|
|
|a xo
|c SK
|
| 080 |
|
|
|a 616.329-089-053.2
|2 1997
|
| 245 |
0 |
0 |
|a Pohľad chirurga na liečbu gastroezofageálneho refluxu u detí
|c Š. Studený ... [et al.]
|
| 246 |
1 |
1 |
|a Surgeons' view on the treatment of gastrooesophageal reflux in children
|
| 300 |
|
|
|b Obr., tab.
|
| 504 |
|
|
|a Res. angl., slov.
|
| 504 |
|
|
|a Bibliogr. odkazy
|
| 650 |
0 |
7 |
|a reflux gastroezofagálny
|x diagnóza
|x komplikácie
|x chirurgia
|x u dojčiat a detí
|2 snkbucl
|9 1447350
|
| 650 |
0 |
7 |
|a štúdie retrospektívne
|x u dojčiat a detí
|2 snkbucl
|9 852316
|
| 655 |
|
7 |
|a články z novín a časopisov
|2 snkbucl
|9 267496
|
| 700 |
1 |
|
|a Studený, Šimon
|4 aut
|9 907134
|
| 700 |
1 |
|
|a Vidiščák, Marian,
|d 1960-
|4 aut
|9 119327
|
| 700 |
1 |
|
|a Babala, Jozef,
|d 1965-
|4 aut
|9 159403
|
| 700 |
1 |
|
|a Horn, František,
|d 1964-
|4 aut
|9 19966
|
| 700 |
1 |
|
|a Smrek, M.
|4 aut
|9 845564
|
| 700 |
1 |
|
|a Siman, Jaroslav,
|d 1933-2008
|4 aut
|9 18566
|
| 773 |
0 |
|
|t Česko-slovenská pediatrie
|g Roč. 57, č. 8 (2002), s. 423-428
|x 0069-2328
|
| 850 |
|
|
|a Slovenská národná knižnica
|
| 852 |
|
|
|a Slovenská národná knižnica
|
| 954 |
|
|
|a odborná, vedecká literatúra pôvodná (slovenská)
|2 lita
|
| 958 |
|
|
|a article14
|
| 958 |
|
|
|a MI
|
| 958 |
|
|
|a NB
|
| 958 |
|
|
|a OND
|
| 958 |
|
|
|a EUIPO
|
| 999 |
|
|
|c 2898791
|d 2900721
|